Čo čeká českou firmu v Evropské unii a jak se na to připravit ?

České firmy v novom prostredí. Priame dane v Únii. Nepriame dane a účtovníctvo + Výkladový slovník daňových termínov používaných v EÚ.

Enregistré dans:
Détails bibliographiques
Format: Chapitre de livre
Langue:tchèque
Sujets:
Tags: Ajouter un tag
Pas de tags, Soyez le premier à ajouter un tag!

MARC

LEADER 00000naa a2200000 4500
001 r047529
005 20231004070716.2
041 0 |a cze 
044 |a CZ 
245 1 0 |a Čo čeká českou firmu v Evropské unii a jak se na to připravit ? 
520 |a České firmy v novom prostredí. Priame dane v Únii. Nepriame dane a účtovníctvo + Výkladový slovník daňových termínov používaných v EÚ. 
610 2 0 |a Česko 
610 2 0 |a Európska únia 
610 2 0 |a firmy 
610 2 0 |a dane priame 
610 2 0 |a dane nepriame 
610 2 0 |a dane z príjmov 
610 2 0 |a dane z hodnoty pridanej 
610 2 0 |a dane spotrebné 
610 2 0 |a doklady daňové 
610 2 0 |a clá